000 00290nam a22001337a 4500
008 170808b xxu||||| |||| 00| 0 eng d
020 _a2900205011246
041 _aeng
080 _211TH
_a004
100 _a35
101 _aSHK
245 _aSPSS FOR WINDOWS
_cGEORGE,D
942 _2udc
_cBK
999 _c22922
_d22922